Statistics for Countries with longest Rail Transport Length

Click here to take the quiz!

General Stats

  • This quiz has been taken 22 times
  • The average score is 14 of 15

Answer Stats

Total length (Km)Country% Correct
36,966Argentina
100%
29,817Brazil
100%
64,000Canada
100%
146,300China
100%
40,625Germany
100%
68,000India
100%
23,389Mexico
100%
202,500United States of America
100%
29,273France
93%
85,600Russia
93%
20,952Ukraine
87%
33,168Australia
80%
27,311Japan
80%
19,209Poland
80%
22,387South Africa
60%

Score Distribution

Percentile by Number Answered

Percent of People with Each Score

Your Score History

You have not taken this quiz